000
00295nam a22001337a 4500
008
171121b xxu||||| |||| 00| 0 eng d
020
_a
9780073529912
041
_a
eng
080
_a
336
100
_a
60
101
_a
MAR
245
_a
CONTEMPORARY ADVERTISING
_c
ARENS.W.F
942
_2
udc
_c
BK
999
_c
38276
_d
38276